| 000 | 00657nai a2200181Ia 4500 | ||
|---|---|---|---|
| 003 | IN-BaIIA | ||
| 008 | 211028c9999 xx s 000 0 eng d | ||
| 022 | _a0748-612X (Print) | ||
| 040 | _cIIA Library | ||
| 245 | 0 |
_aAT&T Bell Laboratories Technical Journal _h[eJournal] |
|
| 260 |
_aNew Jersey, USA _bNokia Bell Labs |
||
| 310 | _a10/year | ||
| 362 | _a63(1); 1984 - 63(10); 1984 | ||
| 521 | _bSubscribed through National Knowledge Resource Consortium (NKRC) | ||
| 650 |
_aCommunication, Networking and Broadcast Technologies _948786 |
||
| 856 |
_uhttps://ieeexplore.ieee.org/servlet/opac?punumber=6731004 _yClick Here to Access eJournal |
||
| 942 | _cEJ | ||
| 999 |
_c34068 _d34068 |
||